Připravenost české ekonomiky k přijetí eura

Ekonomika Českej republiky a konvergenčné kritériá. Kurz koruny a parita kúpnej sily. Cenová stabilita a inflačný diferenciál. Riziká deficitu verejných financií. Spätosť monetárnych a fiškálnych procesov s výkonnosťou ekonomiky.

Na minha lista:
Detalhes bibliográficos
Autor principal: Vencovský, František
Formato: Capítulo de Livro
Idioma:tcheco
Assuntos:
Tags: Adicionar Tag
Sem tags, seja o primeiro a adicionar uma tag!

MARC

LEADER 00000naa$a2200000$$$4500
001 0002066
005 20231003120320.0
041 0 |a cze 
044 |a CZ 
245 1 0 |a Připravenost české ekonomiky k přijetí eura  |c aut. František Vencovský 
520 |a Ekonomika Českej republiky a konvergenčné kritériá. Kurz koruny a parita kúpnej sily. Cenová stabilita a inflačný diferenciál. Riziká deficitu verejných financií. Spätosť monetárnych a fiškálnych procesov s výkonnosťou ekonomiky. 
610 2 0 |a únie menové 
610 2 0 |a euro 
610 2 0 |a Česko 
610 2 0 |a Európska únia 
610 2 0 |a inflácia 
610 2 0 |a výkonnosť ekonomiky 
610 2 0 |a koruna 
610 2 0 |a parita sily kúpnej 
100 1 |a Vencovský, František